Alejo Carpentier y el humanismo de nuestra América /

Salvato in:
Dettagli Bibliografici
Autore principale: Hart Dávalos, Armando
Natura: Sconosciuto
Lingua:Spanish
Pubblicazione: Caracas, Venezuela : Urbe, 1992.
Soggetti:
Tags: Aggiungi Tag
Nessun Tag, puoi essere il primo ad aggiungerne!!

MARC

LEADER 000000000a22000000004500
001 002031
041 0 |a spa 
082 0 4 |a Cu863.4D   |b C297h 
100 1 |a Hart Dávalos, Armando 
245 1 0 |a Alejo Carpentier y el humanismo de nuestra América /   |c Armando Hart Dávalos. 
260 1 |a Caracas, Venezuela :   |b Urbe,   |c 1992. 
500 |a Conferencia ofrecida por Armando Hart Dávalos 
650 4 |a CARPENTIER, ALEJO, 1904-1980 
650 4 |a HUMANISMO 
650 4 |a CULTURA 
650 4 |a DISCURSOS 
999 |c 8636  |d 8636 
942 |c BK  |h Cu863.4D C297h  |2 z